000 00497nam a2200181Ia 4500
008 090124s9999 xx 000 0 und d
082 _b20450
_a1529
100 _aजोगळेकर ज.द.
245 _a दोन युद्धे
250 _a1
260 _c1974
300 _a181
600 _aजोगळेकर ज.द.
630 _a दोन युद्धे
700 _aजोगळेकर ज.द.
730 _a दोन युद्धे
942 _cBOOK
999 _c134256
_d134256